[Event "Prebor mesta Vsetina 2017"]
[Site "?"]
[Date "2017.07.06"]
[Round "7"]
[White "Ambrozova, Lucie"]
[Black "Lasczak, Przemyslaw"]
[Result "0-1"]
[WhiteElo "1875"]
[BlackElo "1864"]
[PlyCount "86"]
[EventDate "2017.??.??"]

1.e4 c5 2.Nf3 d6 3.d4 cxd4 4.Nxd4 Nf6 5.Nc3 g6 6.Be3 Bg7 7.f3 O-O 8.Qd2 Nc6 9.
Bc4 Bd7 10.O-O-O Rc8 11.Bb3 Ne5 12.Kb1 Rc5 13.Ne6 fxe6 14.Bxc5 dxc5 15.Bxe6+
Bxe6 16.Qxd8 Rxd8 17.Rxd8+ Kf7 18.Rb8 b6 19.Rb7 Nc6 20.Rc7 Ne8 21.Rxc6 Bd7 22.
Rxg6 hxg6 23.Nd5 e6 24.Ne3 Nf6 25.Nc4 Nh5 26.g3 g5 27.c3 Ke7 28.Kc2 Bb5 29.Nd2
Nf6 30.Ra1 Bc6 31.a3 g4 32.e5 Nd5 33.f4 Ne3+ 34.Kd3 Nf5 35.b4 Kd7 36.bxc5 bxc5
37.Ne4 c4+ 38.Kxc4 Bxe4 39.Kb5 Bf8 40.a4 Bd3+ 41.Ka5 Kc7 42.Rd1 Bc4 43.Re1 Bc5
0-1

[Event "Prebor mesta Vsetina 2017"]
[Site "?"]
[Date "2017.07.06"]
[Round "7"]
[White "Babula, Milan"]
[Black "Brousek, Jiri"]
[Result "1-0"]
[WhiteElo "2244"]
[BlackElo "2016"]
[PlyCount "75"]
[EventDate "2017.??.??"]

1.e4 e6 2.d4 d5 3.Nc3 Nf6 4.Bg5 Be7 5.e5 Nfd7 6.Bxe7 Qxe7 7.f4 a6 8.Nf3 c5 9.
dxc5 Nc6 10.Qd2 Nxc5 11.Bd3 b5 12.Ne2 Nxd3+ 13.cxd3 O-O 14.Rc1 Bb7 15.O-O d4
16.Ng3 Nb4 17.a3 Bxf3 18.Qxb4 Qxb4 19.axb4 Bd5 20.Ne2 Rfd8 21.Rc5 Bb3 22.Rfc1
g6 23.Kf2 Kg7 24.Rc7 Kf8 25.R1c6 Bd1 26.Ng3 Bg4 27.h3 Bf5 28.Ke2 h5 29.Kd2 Ke8
30.Ne2 h4 31.Nc1 g5 32.fxg5 Rd7 33.Nb3 Rxc7 34.Rxc7 Rd8 35.Nc1 Kf8 36.Ne2 Kg7
37.Nf4 Kf8 38.Ra7 1-0

[Event "Prebor mesta Vsetina 2017"]
[Site "?"]
[Date "2017.07.06"]
[Round "7"]
[White "Filak, Josef"]
[Black "Hrabovsky, Vladimir"]
[Result "1/2-1/2"]
[WhiteElo "1765"]
[BlackElo "2000"]
[PlyCount "111"]
[EventDate "2017.??.??"]

1.e4 c5 2.Nf3 d6 3.d4 cxd4 4.Nxd4 g6 5.Nc3 Bg7 6.g3 Nc6 7.Nde2 Nf6 8.Bg2 O-O
9.O-O Be6 10.Nd5 Rc8 11.c3 Re8 12.Bg5 Bxd5 13.exd5 Ne5 14.h3 Qa5 15.b3 a6 16.
Qd2 Qa3 17.Kh1 Ned7 18.Bh6 Bh8 19.g4 Nc5 20.f3 Ncd7 21.Rac1 Qc5 22.f4 Nb6 23.
Rcd1 Bg7 24.Bxg7 Kxg7 25.Bf3 Nfd7 26.h4 Nf6 27.Kg2 Rh8 28.g5 Nfd7 29.c4 h5 30.
Rfe1 Rhe8 31.Nd4 a5 32.Be4 a4 33.Qd3 Nxc4 34.bxc4 Qxc4 35.Qxc4 Rxc4 36.f5 Ne5
37.fxg6 fxg6 38.Ne6+ Kh7 39.Rd2 Rec8 40.Nf4 Kg7 41.Ne6+ Kh7 42.Rf2 b5 43.Rd2
b4 44.Nd4 Rc1 45.Ree2 R8c3 46.Rc2 R1xc2 47.Nxc2 b3 48.axb3 axb3 49.Nd4 Nc4 50.
Nb5 Rc1 51.Bd3 b2 52.Rxe7+ Kg8 53.Bxg6 b1=Q 54.Bxb1 Rxb1 55.Nc7 Rb3 56.Kf2
1/2-1/2

[Event "Prebor mesta Vsetina 2017"]
[Site "?"]
[Date "2017.07.06"]
[Round "7"]
[White "Mica, Marek"]
[Black "Budik, Pavel"]
[Result "1-0"]
[WhiteElo "1974"]
[BlackElo "1675"]
[PlyCount "59"]
[EventDate "2017.??.??"]

1.d4 d5 2.c4 e6 3.Nc3 Nf6 4.Nf3 Be7 5.Bg5 b6 6.Rc1 Nbd7 7.cxd5 Nxd5 8.Nxd5
exd5 9.Bxe7 Kxe7 10.Qb3 Bb7 11.e3 Re8 12.Qb4+ Kf6 13.Bb5 g6 14.O-O Kg7 15.Qa4
Re7 16.Rc3 Nf6 17.Bc6 Bxc6 18.Rxc6 Ne4 19.Rfc1 Rc8 20.a3 Qd7 21.h3 a5 22.Qb5
Qf5 23.Qa6 b5 24.Qxb5 Nd6 25.Qxa5 Nc4 26.Qb4 Ree8 27.Rc5 c6 28.R1xc4 Rb8 29.
Qd2 Qb1+ 30.Rc1 1-0

[Event "Prebor mesta Vsetina 2017"]
[Site "?"]
[Date "2017.07.06"]
[Round "7"]
[White "Dungl, Petr"]
[Black "Sokolski, Alexandr"]
[Result "1/2-1/2"]
[WhiteElo "1884"]
[BlackElo "1868"]
[PlyCount "43"]
[EventDate "2017.??.??"]

1.d4 Nf6 2.Nf3 d5 3.c4 c6 4.e3 Bg4 5.Qb3 Qc7 6.Nc3 Bxf3 7.gxf3 e6 8.Bd2 Nbd7
9.cxd5 Nxd5 10.e4 Nxc3 11.bxc3 Qb6 12.Qc2 c5 13.Rb1 Qc7 14.Qb3 b6 15.Bb5 Rd8
16.Bg5 Be7 17.Be3 O-O 18.e5 Nb8 19.Rg1 Kh8 20.Bd3 Nc6 21.Qc2 Qd7 22.Bb5
1/2-1/2

[Event "Prebor mesta Vsetina 2017"]
[Site "?"]
[Date "2017.07.06"]
[Round "7"]
[White "Vraj, Karel"]
[Black "Mlady, Pavel"]
[Result "1-0"]
[WhiteElo "1778"]
[BlackElo "1650"]
[PlyCount "59"]
[EventDate "2017.??.??"]

1.e4 e6 2.Nc3 Bb4 3.a3 Bxc3 4.dxc3 Ne7 5.Qg4 Ng6 6.Bg5 f6 7.Be3 Qe7 8.O-O-O
Nc6 9.Qg3 d6 10.f4 Bd7 11.Qf2 a6 12.Nf3 b5 13.g4 Rb8 14.h4 a5 15.h5 Nf8 16.Bd3
b4 17.cxb4 axb4 18.c4 e5 19.f5 h6 20.b3 Qd8 21.Kd2 Ne7 22.Rhf1 c5 23.g5 hxg5
24.Nxg5 Bxf5 25.exf5 Rxh5 26.Qe2 Rh8 27.Ne4 Kd7 28.Qg2 Rg8 29.Ra1 Qb6 30.Be2
1-0

[Event "Prebor mesta Vsetina 2017"]
[Site "?"]
[Date "2017.07.06"]
[Round "7"]
[White "Peterka, Josef"]
[Black "Vlachopulos, Elefteris"]
[Result "1-0"]
[WhiteElo "1796"]
[BlackElo "1770"]
[PlyCount "97"]
[EventDate "2017.??.??"]

1.d4 Nf6 2.Bg5 g6 3.e3 Bg7 4.c3 d5 5.Bd3 O-O 6.Nd2 c6 7.f4 b5 8.Ngf3 a5 9.a4
Qb6 10.axb5 cxb5 11.Qe2 b4 12.c4 dxc4 13.Nxc4 Qd8 14.O-O Bb7 15.Nfd2 e6 16.Nb3
Nc6 17.Nc5 Qc7 18.Nxb7 Qxb7 19.Bxf6 Bxf6 20.Be4 Rfc8 21.Nd6 Qb6 22.Nxc8 Rxc8
23.Rfc1 Ne7 24.Rxc8+ Nxc8 25.Rc1 Nd6 26.Rc6 Qd8 27.Qa6 Be7 28.Bd3 Kg7 29.Qa7
Ne8 30.Be4 Nd6 31.Bf3 Nf5 32.Kf2 h5 33.b3 Bf6 34.Qc7 Bh4+ 35.g3 Kf8 36.Qxd8+
Bxd8 37.Ke2 Ke7 38.Kd3 Nd6 39.e4 Nb5 40.d5 Nc3 41.d6+ Kd7 42.e5 f6 43.Rc4 fxe5
44.fxe5 Ke8 45.Be4 Nxe4 46.Kxe4 g5 47.Rc8 Kd7 48.Rxd8+ Kxd8 49.Kd4 1-0

[Event "Prebor mesta Vsetina 2017"]
[Site "?"]
[Date "2017.07.07"]
[Round "8"]
[White "Roubalik, Jakub"]
[Black "Jasny, Stanislav"]
[Result "1/2-1/2"]
[WhiteElo "2391"]
[BlackElo "2363"]
[PlyCount "63"]
[EventDate "2017.??.??"]
[SourceDate "2017.07.07"]

1.d4 d6 2.Nf3 g6 3.c4 f5 4.Nc3 Nf6 5.Qc2 Bg7 6.h3 O-O 7.Bg5 Na6 8.e3 c6 9.Be2
Qe8 10.O-O-O e5 11.Bxf6 Bxf6 12.g4 fxg4 13.hxg4 Bxg4 14.Rdg1 Bxf3 15.Bxf3 Bg7
16.Be4 Rf6 17.dxe5 Qxe5 18.f4 Qc5 19.Qh2 Qxe3+ 20.Kb1 h6 21.Bxg6 Qxf4 22.Qg2
Qg5 23.Qxg5 hxg5 24.Bh7+ Kf8 25.Ne4 Rh6 26.Rxh6 Bxh6 27.Nxd6 Kg7 28.Bc2 Kf6
29.Rf1+ Ke6 30.Nf7 Rf8 31.Nxg5+ Ke7 32.Rxf8 1/2-1/2

[Event "Prebor mesta Vsetina 2017"]
[Site "?"]
[Date "2017.07.07"]
[Round "8"]
[White "Wiewiora, Eneasz"]
[Black "Havelka, Ondrej"]
[Result "1-0"]
[WhiteElo "2290"]
[BlackElo "2264"]
[PlyCount "131"]
[EventDate "2017.??.??"]
[SourceDate "2017.07.07"]

1.d4 d5 2.Nf3 Nf6 3.c4 e6 4.g3 Be7 5.Bg2 O-O 6.O-O b6 7.cxd5 exd5 8.Nc3 Bb7 9.
Re1 Na6 10.Bf4 Re8 11.Rc1 c5 12.a3 Ne4 13.dxc5 Bxc5 14.Nd4 Qf6 15.Be3 Nc7 16.
b4 Bd6 17.Ncb5 Nxb5 18.Nxb5 Rad8 19.Nxd6 Qxd6 20.Bd4 a5 21.bxa5 bxa5 22.Qa4
Ra8 23.e3 Ba6 24.Rb1 Bc4 25.Rb6 Qc7 26.Rc1 Nc5 27.Rc6 Nxa4 28.Rxc7 Rab8 29.
R7xc4 dxc4 30.Bc6 Nb2 31.Bxe8 Nd3 32.Bxf7+ Kxf7 33.Rxc4 Rb1+ 34.Kg2 Ne1+ 35.
Kh3 Nd3 36.e4 Re1 37.Be3 Re2 38.Kg2 Ra2 39.Ra4 Ne1+ 40.Kf1 Nc2 41.Bc5 Ra1+ 42.
Ke2 Nb4 43.Bxb4 axb4 44.Rxb4 Rxa3 45.h4 Kf6 46.f3 Ke5 47.Rb5+ Kf6 48.Rd5 Ke6
49.Rd3 Ra2+ 50.Ke3 g6 51.Rb3 h6 52.Rb6+ Kf7 53.h5 Ra3+ 54.Kf4 g5+ 55.Kg4 Kg7
56.Rb7+ Kg8 57.f4 Ra4 58.e5 Ra3 59.Rb6 Kh7 60.fxg5 hxg5 61.Rg6 Ra5 62.Rxg5 Kh6
63.Rf5 Ra4+ 64.Rf4 Ra5 65.Re4 Rb5 66.Kf5 1-0

[Event "Prebor mesta Vsetina 2017"]
[Site "?"]
[Date "2017.07.07"]
[Round "8"]
[White "Bosak, Jan"]
[Black "Mudrak, Josef"]
[Result "0-1"]
[WhiteElo "2151"]
[BlackElo "2264"]
[PlyCount "66"]
[EventDate "2017.??.??"]
[SourceDate "2017.07.07"]

1.c4 e5 2.Nc3 Nf6 3.Nf3 Nc6 4.e3 d6 5.d4 Bg4 6.d5 Nb8 7.e4 Be7 8.Be2 Nbd7 9.
Ng1 Bxe2 10.Qxe2 O-O 11.Nh3 c6 12.O-O cxd5 13.cxd5 a6 14.Be3 Qb8 15.f4 exf4
16.Nxf4 b5 17.Bd4 Bd8 18.Kh1 b4 19.Nd1 Bb6 20.Bxf6 Nxf6 21.Nh5 Nxh5 22.Qxh5
Bd4 23.Rc1 Qb5 24.Qf3 g6 25.Ne3 Bxb2 26.Rc6 f5 27.exf5 Rac8 28.Ng4 Kh8 29.f6
a5 30.Qf4 Rf7 31.Rc7 g5 32.Nh6 Rfxc7 33.Qf5 Qxf1+ 0-1

[Event "Prebor mesta Vsetina 2017"]
[Site "?"]
[Date "2017.07.07"]
[Round "8"]
[White "Sosna, Jan"]
[Black "Zvolanek, Libor"]
[Result "1-0"]
[WhiteElo "2341"]
[BlackElo "2176"]
[PlyCount "111"]
[EventDate "2017.??.??"]
[SourceDate "2017.07.07"]

1.d4 Nf6 2.Nf3 d5 3.Bf4 Nbd7 4.Nbd2 g6 5.e3 Bg7 6.h3 O-O 7.Be2 c5 8.c3 b6 9.
O-O Bb7 10.a4 a6 11.Qb1 Re8 12.Rd1 e6 13.b4 cxb4 14.cxb4 Rc8 15.Qb2 Qe7 16.
Rac1 Bf8 17.b5 a5 18.Rxc8 Rxc8 19.Rc1 Qd8 20.Rc2 Ne8 21.Ne5 Nxe5 22.dxe5 Rxc2
23.Qxc2 Qe7 24.Nb3 Qb4 25.Nd4 Bc5 26.Qd1 Kg7 27.g4 h6 28.Kg2 g5 29.Bg3 Qc3 30.
h4 Bc8 31.hxg5 hxg5 32.Nf3 Be7 33.Bd3 f6 34.Bb1 d4 35.Qxd4 Qxd4 36.Nxd4 fxe5
37.Bxe5+ Bf6 38.Bb8 Bd8 39.Ba2 Kf6 40.f4 Bc7 41.Bxc7 Nxc7 42.Kg3 e5 43.fxg5+
Kxg5 44.Nf3+ Kf6 45.g5+ Kf5 46.Kh4 Ke4 47.g6 Ne8 48.Bf7 Ng7 49.Nd2+ Kxe3 50.
Nc4+ Kd4 51.Nxb6 e4 52.Nxc8 e3 53.Kg3 Kd3 54.Nd6 Nf5+ 55.Nxf5 e2 56.Bc4+ 1-0

[Event "Prebor mesta Vsetina 2017"]
[Site "?"]
[Date "2017.07.07"]
[Round "8"]
[White "Dzikowski, Michal"]
[Black "Weinzettl, Ernst"]
[Result "1/2-1/2"]
[WhiteElo "2147"]
[BlackElo "2290"]
[PlyCount "108"]
[EventDate "2017.??.??"]
[SourceDate "2017.07.07"]

1.d4 Nf6 2.c4 g6 3.Nc3 Bg7 4.e4 d6 5.h3 O-O 6.Be3 c5 7.d5 e6 8.Nf3 exd5 9.cxd5
Re8 10.Bb5 Bd7 11.Bxd7 Qxd7 12.Nd2 b5 13.Qc2 Na6 14.a3 Rac8 15.O-O c4 16.Rae1
Nc5 17.Bxc5 Rxc5 18.f4 Qd8 19.g4 a5 20.Kg2 Nd7 21.e5 dxe5 22.Nde4 b4 23.Nxc5
Nxc5 24.axb4 axb4 25.Nd1 Qxd5+ 26.Kh2 Nd3 27.Ne3 Nxe1 28.Rxe1 Qf3 29.Nxc4
Qxf4+ 30.Kg2 Qd4 31.Re4 Qd5 32.Ne3 Qd6 33.Rc4 Bh6 34.Nf1 Qd5+ 35.Qe4 Qxe4+ 36.
Rxe4 Bf8 37.Ne3 Rd8 38.Nc4 Rd4 39.Rxd4 exd4 40.Kf3 f6 41.Ke4 Bc5 42.Kd5 Ba7
43.b3 Kg7 44.Ke4 Kf7 45.Nb2 Bc5 46.Nd3 Bd6 47.Kxd4 Ke6 48.Ke4 f5+ 49.gxf5+
gxf5+ 50.Ke3 Kd5 51.Ne1 f4+ 52.Kd3 Bc5 53.Nf3 Be7 54.Ne1 Bf6 1/2-1/2

[Event "Prebor mesta Vsetina 2017"]
[Site "?"]
[Date "2017.07.07"]
[Round "8"]
[White "Karlik, Vladimir"]
[Black "Pycha, Patrik"]
[Result "1-0"]
[WhiteElo "2207"]
[BlackElo "2060"]
[PlyCount "97"]
[EventDate "2017.??.??"]
[SourceDate "2017.07.07"]

1.d4 d5 2.Bg5 Nf6 3.e3 e6 4.Nd2 Be7 5.Bd3 h6 6.Bh4 b6 7.Ngf3 Bb7 8.Ne5 Ne4 9.
Bxe7 Qxe7 10.O-O O-O 11.c3 Nd7 12.f4 Nxe5 13.fxe5 Nxd2 14.Qxd2 f5 15.exf6 Rxf6
16.Rxf6 Qxf6 17.Rf1 Qe7 18.Qf2 Bc6 19.Bb1 Bb5 20.Re1 Rf8 21.Qg3 Qf7 22.h3 Be8
23.Bd3 c6 24.Kh2 Qf2 25.Rf1 Qxg3+ 26.Kxg3 Rxf1 27.Bxf1 Kf7 28.e4 b5 29.Be2 Kf6
30.e5+ Ke7 31.h4 g6 32.Kf4 Kd8 33.g4 Ke7 34.g5 h5 35.Ke3 Kd8 36.a4 a6 37.a5
Kc7 38.Kd3 Bd7 39.Kc2 Kb7 40.Kb3 Kc7 41.Kb4 Kb7 42.Kc5 Kc7 43.b3 Be8 44.c4 Bd7
45.cxb5 cxb5 46.Bd3 Be8 47.b4 Bf7 48.Bxb5 axb5 49.Kxb5 1-0

[Event "Prebor mesta Vsetina 2017"]
[Site "?"]
[Date "2017.07.07"]
[Round "8"]
[White "Horak, Martin"]
[Black "Zadrapa, Radek"]
[Result "1-0"]
[WhiteElo "2073"]
[BlackElo "2060"]
[PlyCount "105"]
[EventDate "2017.??.??"]
[SourceDate "2017.07.07"]

1.e4 c5 2.Nc3 Nc6 3.Bb5 Nd4 4.Bc4 e6 5.Nge2 Ne7 6.O-O g6 7.Nxd4 cxd4 8.Nb5 Nc6
9.c3 Qb6 10.d3 Bg7 11.Bf4 e5 12.Bg5 O-O 13.cxd4 Nxd4 14.Nxd4 Qxd4 15.Qb3 Qd6
16.Rac1 h6 17.Bd2 Qe7 18.Bd5 d6 19.Ba5 Be6 20.Rc7 Bxd5 21.Qxd5 Qe6 22.Qxe6
fxe6 23.Rxb7 Rfb8 24.Rb4 Rc8 25.Rc4 d5 26.Rcc1 h5 27.Bd2 Kf7 28.Rxc8 Rxc8 29.
Rc1 Rxc1+ 30.Bxc1 Ke7 31.a4 Kd7 32.Be3 a5 33.b4 Kc6 34.Bd2 Bf8 35.Bc3 Bd6 36.
f3 Kb6 37.Kf2 Kc6 38.Kg3 Kb6 39.Kh3 d4 40.Bd2 Be7 41.g4 Kc6 42.gxh5 gxh5 43.
Kg3 Kb6 44.Kf2 Kc6 45.Ke2 Kb6 46.Kd1 Kc6 47.Kc2 Kb6 48.Kb3 Kc6 49.f4 Bd6 50.
fxe5 Bxe5 51.h3 Bc7 52.Kc4 Bb6 53.Bf4 1-0

[Event "Prebor mesta Vsetina 2017"]
[Site "?"]
[Date "2017.07.07"]
[Round "8"]
[White "Skalsky, Alexandr"]
[Black "Malinovsky, Petr"]
[Result "1-0"]
[WhiteElo "2071"]
[BlackElo "2019"]
[PlyCount "117"]
[EventDate "2017.??.??"]
[SourceDate "2017.07.07"]

1.d4 d5 2.Bf4 e6 3.e3 Bd6 4.Bg3 Ne7 5.Bd3 Nf5 6.Bxd6 Nxd6 7.Nd2 Nd7 8.f4 f5 9.
Ngf3 Nf6 10.Ne5 Bd7 11.Qe2 Qe7 12.O-O Rg8 13.c4 g5 14.c5 Nf7 15.Nxf7 Qxf7 16.
Nf3 gxf4 17.exf4 Qh5 18.Ne5 Qxe2 19.Bxe2 c6 20.b4 Ke7 21.a4 a6 22.Rf3 Ng4 23.
Nd3 Rg7 24.Rg3 h5 25.Bxg4 h4 26.Rh3 Rxg4 27.g3 Rag8 28.Kf2 Be8 29.Ne5 hxg3+
30.hxg3 R4g7 31.Rah1 Rf8 32.Rh7 Rg8 33.R1h6 Bf7 34.Rh3 Be8 35.R3h6 Bf7 36.Ke2
Ke8 37.Rxg7 Rxg7 38.Rh8+ Bg8 39.Kf3 Kf8 40.Kg2 Rh7 41.Rxh7 Bxh7 42.Kh3 Kg7 43.
Nxc6 Bg6 44.Nd8 Be8 45.a5 Kf6 46.Nxb7 Ke7 47.Kh4 Bc6 48.Nd6 Kf6 49.Kh5 Bd7 50.
Kh6 Bc6 51.Kh7 Bd7 52.Kg8 Ke7 53.Kg7 Bc6 54.Nf7 Be8 55.Ne5 Ba4 56.c6 Kd6 57.
Kf6 Bc2 58.Kf7 Bb1 59.Ke8 1-0

[Event "Prebor mesta Vsetina 2017"]
[Site "?"]
[Date "2017.07.07"]
[Round "8"]
[White "Kuchar, Matej"]
[Black "Gratze, Michael"]
[Result "1-0"]
[WhiteElo "2018"]
[BlackElo "2057"]
[PlyCount "100"]
[EventDate "2017.??.??"]
[SourceDate "2017.07.07"]

1.e4 c5 2.Nf3 d6 3.d4 cxd4 4.Nxd4 Nf6 5.Nc3 g6 6.Be2 Bg7 7.O-O O-O 8.Re1 Nc6
9.Nb3 Be6 10.Bf1 a5 11.a4 Nb4 12.Bg5 Rc8 13.Qd2 Ng4 14.Rac1 Rxc3 15.bxc3 Na2
16.Rb1 Nxc3 17.Nd4 Nxb1 18.Rxb1 Qc7 19.h3 Qc5 20.hxg4 Bxd4 21.Rb5 Bc3 22.Qd3
Qc7 23.Bxe7 Qxe7 24.Qxc3 Rc8 25.Qd2 Bc4 26.Bxc4 Rxc4 27.f3 Qc7 28.Rxa5 Rxc2
29.Ra8+ Kg7 30.Qd4+ f6 31.g5 Qc5 32.gxf6+ Kf7 33.Qxc5 dxc5 34.Rb8 Kxf6 35.Rxb7
Ke5 36.a5 Ra2 37.Rxh7 c4 38.Rc7 Kd4 39.e5 Rxa5 40.e6 Re5 41.e7 c3 42.f4 Re4
43.g4 Kd3 44.f5 Rxg4+ 45.Kh2 Re4 46.f6 c2 47.f7 Rxe7 48.Rxe7 c1=Q 49.f8=Q Qd2+
50.Kh3 Qa5 1-0

[Event "Prebor mesta Vsetina 2017"]
[Site "?"]
[Date "2017.07.07"]
[Round "8"]
[White "Kovarik, Matyas"]
[Black "Stepan, Patrik"]
[Result "0-1"]
[WhiteElo "1890"]
[BlackElo "2268"]
[PlyCount "84"]
[EventDate "2017.??.??"]
[SourceDate "2017.07.07"]

1.e4 c5 2.Nf3 d6 3.d4 cxd4 4.Nxd4 Nf6 5.Nc3 a6 6.Be2 e6 7.O-O b5 8.a3 Bb7 9.
Qd3 Nbd7 10.Nb3 Ne5 11.Qe3 Rc8 12.f4 Nc4 13.Qd3 Qb6+ 14.Kh1 Be7 15.Bf3 O-O 16.
Re1 Rfd8 17.Nd2 d5 18.e5 Nd7 19.Nxc4 bxc4 20.Qd1 Nc5 21.Ne2 Ne4 22.Rf1 Nf2+
23.Rxf2 Qxf2 24.Bd2 Bc5 25.Qe1 Qxe1+ 26.Rxe1 Bc6 27.c3 d4 28.Bxc6 Rxc6 29.cxd4
Bxd4 30.Ba5 Bb6 31.Bc3 Kf8 32.g3 Rd5 33.Bb4+ Bc5 34.Bc3 Ke8 35.Kg2 Be3 36.Kf3
Bd2 37.Rd1 Bxc3 38.Nxc3 Rxd1 39.Nxd1 Rb6 40.Ke3 Rb3+ 41.Kd2 Kd7 42.Kc2 Rf3 0-1

[Event "Prebor mesta Vsetina 2017"]
[Site "?"]
[Date "2017.07.07"]
[Round "8"]
[White "Vraj, Ondrej"]
[Black "Babula, Milan"]
[Result "0-1"]
[WhiteElo "1816"]
[BlackElo "2244"]
[PlyCount "78"]
[EventDate "2017.??.??"]
[SourceDate "2017.07.07"]

1.e4 e6 2.Nc3 d5 3.g3 d4 4.Nce2 c5 5.d3 Nc6 6.Bg2 e5 7.f4 Bd6 8.Nf3 Nge7 9.O-O
Qc7 10.f5 Bd7 11.Bd2 f6 12.a3 a5 13.c3 a4 14.b3 Qb6 15.cxd4 axb3 16.Rb1 Nxd4
17.Nfxd4 cxd4 18.Rxb3 Qa6 19.Qb1 b5 20.Qa2 Nc6 21.Bf3 Ke7 22.Ra1 b4 23.g4 h6
24.h4 bxa3 25.Ng3 Rhb8 26.Rab1 Rxb3 27.Rxb3 Be8 28.Nh5 Bf7 29.Nxg7 Rb8 30.Bd1
Nd8 31.g5 hxg5 32.hxg5 Bxb3 33.Bxb3 Rxb3 34.gxf6+ Kd7 35.f7 Qxd3 36.Be1 Rb1
37.f8=N+ Kc8 38.Qf2 Qxe4 39.f6 Rxe1+ 0-1

[Event "Prebor mesta Vsetina 2017"]
[Site "?"]
[Date "2017.07.07"]
[Round "8"]
[White "Kapusta, Petr"]
[Black "Husek, Martin"]
[Result "0-1"]
[WhiteElo "2175"]
[BlackElo "2137"]
[PlyCount "78"]
[EventDate "2017.??.??"]
[SourceDate "2017.07.07"]

1.e4 c5 2.Nf3 e6 3.d4 cxd4 4.Nxd4 Nc6 5.Be2 Nf6 6.Nc3 Bb4 7.Bf3 a6 8.O-O O-O
9.Bg5 h6 10.Bh4 Ne5 11.Be2 Ng6 12.Bxf6 Qxf6 13.g3 b5 14.Bf3 Ne5 15.Bg2 Bc5 16.
Nce2 Rb8 17.c3 b4 18.cxb4 Rxb4 19.Nb3 Ba7 20.Nf4 a5 21.Rc1 Ba6 22.Re1 g5 23.
Nh5 Qxf2+ 24.Kh1 Nd3 25.Re2 Qxe2 26.Qxe2 Nf2+ 27.Qxf2 Bxf2 28.Nf6+ Kg7 29.Nxd7
Rd8 30.Ne5 Bb5 31.Bf1 a4 32.Na5 Rxb2 33.Bxb5 Rxb5 34.Nac6 Rc8 35.Rc2 Bd4 36.
Nxd4 Rb1+ 37.Kg2 Rxc2+ 38.Nxc2 Rb2 39.Kf3 Rxc2 0-1

[Event "Prebor mesta Vsetina 2017"]
[Site "?"]
[Date "2017.07.07"]
[Round "8"]
[White "Krejca, Jakub"]
[Black "Laszczak, Przemyslaw"]
[Result "0-1"]
[WhiteElo "2115"]
[BlackElo "1864"]
[PlyCount "90"]
[EventDate "2017.??.??"]
[SourceDate "2017.07.07"]

1.e4 c6 2.d4 d5 3.exd5 cxd5 4.c4 Nf6 5.Nc3 e6 6.Nf3 Bb4 7.Be2 dxc4 8.Bxc4 O-O
9.O-O b6 10.a3 Bxc3 11.bxc3 Qc7 12.Qb3 Bb7 13.Ne5 Nc6 14.Re1 Na5 15.Qa2 Rac8
16.Bxe6 fxe6 17.Qxe6+ Kh8 18.Bf4 Qxc3 19.Nf7+ Rxf7 20.Qxf7 Qxd4 21.Rac1 Rxc1
22.Bxc1 Qd5 23.Qxd5 Bxd5 24.Re7 Nc6 25.Rc7 Kg8 26.Bb2 Ne8 27.Rb7 Be6 28.Be5
Bc8 29.Rb8 Nxb8 30.Bxb8 a6 31.f4 Kf7 32.Kf2 Ke6 33.Ke3 Kd5 34.h3 h5 35.a4 Bd7
36.a5 b5 37.f5 Bxf5 38.Kf4 g6 39.g4 hxg4 40.h4 Nf6 41.Kg5 Ne4+ 42.Kf4 Be6 43.
Ba7 b4 44.h5 gxh5 45.Bd4 g3 0-1

[Event "Prebor mesta Vsetina 2017"]
[Site "?"]
[Date "2017.07.07"]
[Round "8"]
[White "Bednarik, Josef"]
[Black "Peterka, Josef"]
[Result "1/2-1/2"]
[WhiteElo "2183"]
[BlackElo "1796"]
[PlyCount "64"]
[EventDate "2017.??.??"]
[SourceDate "2017.07.07"]

1.e4 e6 2.Nc3 c6 3.g3 d5 4.Bg2 dxe4 5.Nxe4 Nf6 6.d3 Nxe4 7.Bxe4 Bb4+ 8.c3 Ba5
9.Ne2 e5 10.O-O O-O 11.d4 f5 12.Bg2 e4 13.Bf4 Be6 14.b3 Bc7 15.Qc2 Nd7 16.Rad1
Nf6 17.c4 Bxf4 18.Nxf4 Bf7 19.Rfe1 Qa5 20.Qb2 Rad8 21.Bh3 Nh5 22.Ne2 Bg6 23.
Nc3 Nf6 24.b4 Qc7 25.Qb3 Kh8 26.d5 cxd5 27.cxd5 Qe5 28.Rd2 Bf7 29.f4 Qd6 30.
Bxf5 Nxd5 31.Bxe4 Nxc3 32.Rxd6 Bxb3 1/2-1/2

[Event "Prebor mesta Vsetina 2017"]
[Site "?"]
[Date "2017.07.07"]
[Round "8"]
[White "Zgarba, Radek"]
[Black "Mica, Marek"]
[Result "1-0"]
[WhiteElo "1838"]
[BlackElo "1974"]
[PlyCount "49"]
[EventDate "2017.??.??"]
[SourceDate "2017.07.07"]

1.d4 Nf6 2.Nf3 e6 3.Bf4 b6 4.e3 Bb7 5.Bd3 Ne4 6.O-O f5 7.Nbd2 d6 8.c3 Nd7 9.
Qc2 Ndf6 10.Ng5 Nxg5 11.Bxg5 h6 12.Bxf6 Qxf6 13.Rae1 O-O-O 14.a4 h5 15.a5 h4
16.f3 h3 17.g3 Be7 18.axb6 axb6 19.Qa4 Qg6 20.Bb5 Bh4 21.Kf2 Rh5 22.Rg1 Bf6
23.Ra1 e5 24.Bc6 exd4 25.Qa8+ 1-0

[Event "Prebor mesta Vsetina 2017"]
[Site "?"]
[Date "2017.07.07"]
[Round "8"]
[White "Sokolski, Alexander"]
[Black "Vraj, Karel"]
[Result "1/2-1/2"]
[WhiteElo "1868"]
[BlackElo "1778"]
[PlyCount "78"]
[EventDate "2017.??.??"]
[SourceDate "2017.07.07"]

1.d4 d5 2.c4 e6 3.Nc3 Nf6 4.cxd5 exd5 5.Bg5 Be7 6.e3 c6 7.Bd3 Bg4 8.Qc2 Nbd7
9.Nf3 Bxf3 10.gxf3 Nh5 11.Bxe7 Qxe7 12.Rg1 O-O-O 13.Nxd5 Qd6 14.Nc3 Qxh2 15.
O-O-O g6 16.f4 Qh4 17.a4 Kb8 18.Be4 Nb6 19.Rg5 f6 20.Rh1 fxg5 21.Rxh4 gxh4 22.
Qb3 Nf6 23.a5 Nbd5 24.a6 b6 25.Bxd5 cxd5 26.e4 Nxe4 27.Nxe4 dxe4 28.Qf7 Rc8+
29.Kd2 Rc7 30.Qe6 Rd8 31.Qxe4 Rcd7 32.Ke3 Rd5 33.Qe7 R5d7 34.Qxh4 Rxd4 35.Qf6
Kc7 36.f5 gxf5 37.Qxf5 Rd3+ 38.Ke2 Rd2+ 39.Ke3 R2d3+ 1/2-1/2

[Event "Prebor mesta Vsetina 2017"]
[Site "?"]
[Date "2017.07.07"]
[Round "8"]
[White "Hrabovsky, Vladimir"]
[Black "Ambrozova, Lucie"]
[Result "1/2-1/2"]
[WhiteElo "2000"]
[BlackElo "1875"]
[PlyCount "47"]
[EventDate "2017.??.??"]
[SourceDate "2017.07.07"]

1.e4 c5 2.Nc3 Nc6 3.g3 g6 4.Bg2 Bg7 5.f4 e6 6.d3 Nge7 7.Nf3 O-O 8.O-O d5 9.Bd2
Nd4 10.Rb1 b5 11.Ne2 Nec6 12.c3 Nxf3+ 13.Bxf3 Bb7 14.e5 Qb6 15.Be3 a5 16.b4
axb4 17.cxb4 Rxa2 18.Bxc5 Qa6 19.Bxf8 Bxf8 20.Ra1 Nxb4 21.Rxa2 Qxa2 22.Qb1 Qd2
23.d4 Ba6 24.Qd1 1/2-1/2

[Event "Prebor mesta Vsetina 2017"]
[Site "?"]
[Date "2017.07.07"]
[Round "8"]
[White "Russel, Bernhard"]
[Black "Filak, Josef"]
[Result "1-0"]
[WhiteElo "1928"]
[BlackElo "1765"]
[PlyCount "177"]
[EventDate "2017.??.??"]
[SourceDate "2017.07.07"]

1.d4 d5 2.Nf3 Nf6 3.c4 e6 4.g3 c6 5.Qc2 Bd6 6.Bg2 Nbd7 7.cxd5 exd5 8.Nc3 h6 9.
b3 O-O 10.O-O Re8 11.Bb2 Nf8 12.Na4 Ng6 13.Nc5 Qe7 14.Rfe1 Ne4 15.Nd3 Bf5 16.
Rad1 Qe6 17.Qc1 Bh3 18.Nde5 Bxg2 19.Kxg2 Qf5 20.Nxg6 Qxg6 21.Ne5 Qe6 22.h4 Bb4
23.Rf1 Qf5 24.Qf4 Qxf4 25.gxf4 h5 26.a3 Ba5 27.b4 Bc7 28.Rc1 f6 29.Nd3 Nd2 30.
Rfe1 Nc4 31.e3 Re7 32.Re2 Rae8 33.a4 a6 34.Kf3 Bd6 35.Bc3 Kh7 36.Nc5 Kh6 37.
Rg1 Bb8 38.Bd2 Nd6 39.Bc1 Nf5 40.Rh1 Rg8 41.Rd2 Nd6 42.Rdd1 Ne4 43.Bb2 g5 44.
fxg5+ fxg5 45.Nxe4 g4+ 46.Ke2 Rxe4 47.Bc1 Rf8 48.Rdg1 Kh7 49.Bd2 Ba7 50.Bc3
Re6 51.Rg2 Ref6 52.Rb1 b5 53.a5 Bb8 54.Rc1 Re6 55.Bd2 Rf3 56.Rh1 Bd6 57.Ke1
Be7 58.Ke2 Re4 59.Rgh2 Bf6 60.Bc3 Kg7 61.Rg2 Kf7 62.Kd3 Bd8 63.Ke2 Bc7 64.Bd2
Rh3 65.Rgg1 Bd8 66.Be1 Re6 67.Rxh3 gxh3 68.Rh1 Bf6 69.Kd3 Re4 70.f3 Re6 71.
Rxh3 Be7 72.e4 Rg6 73.Rh2 Rg1 74.Re2 Rh1 75.exd5 cxd5 76.Re5 Rh3 77.Ke3 Bxh4
78.Bxh4 Rxh4 79.Rxd5 Ke7 80.Rg5 Rh1 81.Rg6 h4 82.Rxa6 h3 83.Rh6 h2 84.Kf2 Rb1
85.Rxh2 Rxb4 86.Rh5 Rb1 87.a6 b4 88.Ra5 b3 89.a7 1-0

[Event "Prebor mesta Vsetina 2017"]
[Site "?"]
[Date "2017.07.07"]
[Round "8"]
[White "Mostek, Jan"]
[Black "Dungl, Petr"]
[Result "1-0"]
[WhiteElo "1774"]
[BlackElo "1884"]
[PlyCount "49"]
[EventDate "2017.??.??"]
[SourceDate "2017.07.07"]

1.e4 c5 2.Nc3 Nc6 3.Bb5 g6 4.f4 Bg7 5.Nf3 e6 6.Bxc6 bxc6 7.d3 Qb6 8.e5 f5 9.b3
d5 10.Na4 Qc7 11.c4 Nh6 12.O-O Bf8 13.Qd2 Be7 14.Kh1 O-O 15.Ba3 Re8 16.Qe2 Nf7
17.Rad1 Qa5 18.Qe1 Qa6 19.Qf2 Qa5 20.Bxc5 Qc7 21.Bxe7 Qxe7 22.Qc5 Kf8 23.Nd4
Bb7 24.Qxe7+ Rxe7 25.Nc5 1-0

[Event "Prebor mesta Vsetina 2017"]
[Site "?"]
[Date "2017.07.07"]
[Round "8"]
[White "Brousek, Jiri"]
[Black "Vlachopulos, Elefteris"]
[Result "1-0"]
[WhiteElo "2016"]
[BlackElo "1770"]
[PlyCount "91"]
[EventDate "2017.??.??"]
[SourceDate "2017.07.07"]

1.d4 Nf6 2.Nf3 g6 3.Nc3 d5 4.Bf4 c6 5.e3 Bg7 6.Be2 O-O 7.Ne5 Nbd7 8.h4 h5 9.f3
Nxe5 10.Bxe5 Nh7 11.Bxg7 Kxg7 12.Qd2 Qa5 13.e4 dxe4 14.fxe4 Be6 15.d5 Rad8 16.
Qd4+ f6 17.Bc4 cxd5 18.exd5 b5 19.Qc5 Bf7 20.O-O-O a6 21.Bb3 Rd7 22.Rhe1 Qd8
23.Rd3 Qc7 24.Qxc7 Rxc7 25.Rde3 b4 26.Na4 Rd8 27.Rxe7 Rxe7 28.Rxe7 Kf8 29.Ra7
f5 30.Rxa6 Ke7 31.d6+ Kf8 32.Bxf7 Kxf7 33.Ra7+ Kg8 34.d7 Nf6 35.Nc5 Kf7 36.Kd2
Ke7 37.Kd3 Nd5 38.g3 f4 39.gxf4 Nxf4+ 40.Ke4 Ng2 41.Ra6 Nxh4 42.Kf4 Rf8+ 43.
Ke4 g5 44.Re6+ Kd8 45.Rd6 Rf4+ 46.Kd5 1-0